| 000 | 00922nam a2200193Ia 4500 | ||
|---|---|---|---|
| 999 |
_c41522 _d41522 |
||
| 001 | 8189 | ||
| 003 | GE_BSU | ||
| 005 | 20221005151306.0 | ||
| 008 | 181216s1975ge xx |||||||||||||| ||geo|| | ||
| 040 | _cGE_BSU | ||
| 041 | _ageo | ||
| 080 | _a82-93 ე-27 | ||
| 100 |
_aევდოშვილი, იროდიონ _915062 |
||
| 245 |
_aთხზულებანი : _bლექსები, მოთხრობები , პოემა / _cიროდიონ ევდოშვილი,კრებული შეადგინა წინასიტყვაობა და შენიშვნები დაურთო, შალვა გოზალიშვილმა. |
||
| 264 |
_aთბილისი : _bნაკადული, _c1975. |
||
| 300 |
_a235 გვ.: _c21 სმ. |
||
| 653 | _aლექსები: მოთხრობები. პოემა. | ||
| 942 |
_cBK _2udc |
||